1η συνάντηση πολιτισμού - τουρισμού : θεματικά μουσεία στο νησιωτικό χώρο του Αιγαίου
Saved in:
| Corporate Authors: | , |
|---|---|
| Format: | Conference Proceeding Book |
| Language: | Greek |
| Published: |
Αθήνα :
Υπουργείο Αιγαίου,
2001
|
| Subjects: | |
| Tags: |
Add Tag
No Tags, Be the first to tag this record!
|
MARC
| LEADER | 00000cam a2200000 i 4500 | ||
|---|---|---|---|
| 001 | 1/30990 | ||
| 008 | 060614s2001 gre d | ||
| 020 | |a 960-7859-29-4 | ||
| 035 | |l 10084290 | ||
| 040 | |a GR-MY-UA |b gre |e aacr | ||
| 041 | 0 | |a gre | |
| 082 | 0 | |a 390.07409495 |2 (22) | |
| 110 | 2 | |a Υπουργείο Αιγαίου. | |
| 245 | 1 | 0 | |a 1η συνάντηση πολιτισμού - τουρισμού : |b θεματικά μουσεία στο νησιωτικό χώρο του Αιγαίου / |c Υπουργείο Αιγαίου |
| 260 | |a Αθήνα : |b Υπουργείο Αιγαίου, |c 2001 | ||
| 300 | |a 183 σ.; |b εικ.; |c 28 εκ. | ||
| 500 | |a Πρακτικά του συνεδρίου 18-20 Οκτωβρίου 2000, Πνευματικό Κέντρο Δήμου Ερμούπολης | ||
| 650 | 0 | 0 | |a Ethnological museums and collections |z Aegean Islands (Greece and Turkey) |
| 650 | 0 | |a Museums |z Aegean Islands (Greece and Turkey) |x Congresses. | |
| 650 | 0 | 0 | |a Folklore |x Museums |z Aegean Islands (Greece and Turkey) |x Congresses. |
| 711 | 2 | |a Συνάντηση πολιτισμού-τουρισμού |n (1η : |n 2000 |c : Αθήνα) | |
| 852 | |a INST |b LESVOS |e 20060614 |h 390.07409495 ΥΠΟ |p 005100036086 |q 005100036086 |t BK |y 0 | ||
| 901 | |a BIBL1-2006-2 | ||
| 909 | |a Λ |b 099096 | ||
| 970 | |a ΚΑΡΑ |b ΓΙΑΣΕΜΗ |z 2006/06/14 | ||